Iconos : publicación de FLACSO-Ecuador.

Saved in:
Bibliographic Details
Corporate Author: FLACSO (Organization). Sede Ecuador.
Format: Journal
Language:Spanish
Published: Quito, Ecuador : FLACSO Ecuador, 1997-
Subjects:
Tags: Add Tag
No Tags, Be the first to tag this record!
LEADER 02043cas a2200553 a 4500
001 007492004-9
005 20170912144258.0
008 970708d19972016ec fx p 0 0spa c
010 |a  97655831   |z sn 97036566   |z  2001235231 
015 |a 018930824  |2 dnb 
016 7 |a 1398056-7  |2 DE-600 
016 7 |a 009904836  |2 Uk 
022 0 |a 1390-1249  |l 1390-1249  |2 0 
035 0 |a ocm37259618 
037 |b FLACSO Ecuador, La Pradera E7-174 y Av. Diego de Almagro, Quito Ecuador 
040 |a IXA  |b eng  |c IXA  |d DLC  |d OCLCQ  |d IXA  |d CUS  |d TXA  |d HLS  |d OCLCQ  |d GBVCP  |d HUL  |d UKMGB  |d OCLCF  |d IXA  |d OCLCQ  |d OCLCO  |d OCL  |d HLS 
042 |a pcc 
043 |a s-ec--- 
050 0 0 |a JL3001  |b .I29 
050 1 4 |a F1408  |b .I36 
210 0 |a Iconos  |b (Quito) 
222 0 |a Iconos  |b (Quito) 
245 0 0 |a Iconos :  |b publicación de FLACSO-Ecuador. 
260 |a Quito, Ecuador :  |b FLACSO Ecuador,  |c 1997- 
300 |a volumes :  |b illustrations ;  |c 28 cm 
310 |a Two or three issues a year,  |b <1999-> 
321 |a Quarterly,  |b 1997- <1998> 
336 |a text  |b txt  |2 rdacontent 
337 |a unmediated  |b n  |2 rdamedia 
338 |a volume  |b nc  |2 rdacarrier 
362 0 |a No. 1 (feb.-abr. 1997)- 
362 1 |a Ceased with: No. 54 (enero 2016). 
500 |a Title from cover. 
515 |a No. 54 (enero 2016) called also v. 20, issue 1 (Jan. 2016). 
588 |a Latest issue consulted: No. 54 (enero 2016). 
651 0 |a Ecuador  |x Politics and government  |y 1984-  |v Periodicals. 
651 0 |a Ecuador  |x Social conditions  |v Periodicals. 
651 0 |a Ecuador  |v Periodicals. 
650 7 |a Politics and government.  |2 fast  |0 (OCoLC)fst01919741 
650 7 |a Social conditions.  |2 fast  |0 (OCoLC)fst01919811 
651 7 |a Ecuador.  |2 fast  |0 (OCoLC)fst01205578 
648 7 |a Since 1984  |2 fast 
655 7 |a Periodicals.  |2 fast  |0 (OCoLC)fst01411641 
710 2 |a FLACSO (Organization).  |b Sede Ecuador. 
776 0 8 |i Online version:  |t Iconos (Online)  |x 2224-6983  |w (DLC) 2008263032  |w (OCoLC)173723403 
899 |a 415_565103 
988 |a 20020608 
049 |a HLSS 
906 |0 OCLC